[Event "Barcelona Sant Marti op-B 23rd"]
[Site "Barcelona"]
[Date "2023.07.13"]
[Round "1"]
[White "Morais Carreras, Javier"]
[Black "Berrozpe Gonzalez, Marc"]
[Result "1/2-1/2"]
[WhiteElo "1818"]
[BlackElo "1488"]
[PlyCount "143"]
[EventDate "2023.07.13"]
[EventType "swiss"]
[EventRounds "9"]
[EventCountry "ESP"]
[SourceTitle "CBM 215 Extra"]
[Source "ChessBase"]
[SourceDate "2023.09.30"]
[SourceVersion "1"]
[SourceVersionDate "2023.09.30"]
[SourceQuality "1"]

1. d4 d5 2. Nf3 Nf6 3. Bf4 e6 4. e3 Bd6 5. Bg3 0-0 6. Nbd2 c5 7. c3 Qc7 8. Bd3 Nbd7 9. Bxd6 Qxd6 10. 0-0 b6 11. e4 dxe4 12. Nxe4 Qc7 13. dxc5 bxc5 14. Nd6 Nd5 15. Nxc8 Raxc8 16. Rc1 Rfd8 17. Re1 Nf4 18. Re3 c4 19. Bb1 Nc5 20. Qf1 Nfd3 21. Bxd3 Nxd3 22. Rb1 Rd7 23. Nd4 Rcd8 24. b3 Ne5 25. Qe2 Ng6 26. bxc4 Rb8 27. Rb3 Rc8 28. Rb4 Rb8 29. g3 Rxb4 30. cxb4 Rxd4 31. Rc3 Ne7 32. a3 h6 33. c5 Qb7 34. b5 Rd5 35. a4 Qc7 36. c6 Nc8 37. Qb2 Nd6 38. Qb4 f5 39. Re3 Ne4 40. Kg2 Nc5 41. Rc3 Ne4 42. Rc2 Kf7 43. a5 Qd6 44. Qxd6 Nxd6 45. c7 Rxb5 46. c8Q Nxc8 47. Rxc8 Rxa5 48. Kf3 Ra4 49. Ke3 Kf6 50. h4 a5 51. Ra8 Ra1 52. Ra6 a4 53. Ra5 a3 54. Kf3 g5 55. hxg5+ hxg5 56. Kg2 Kg6 57. Ra6 Kf7 58. Ra5 a2 59. Ra4 Kf6 60. Ra5 g4 61. Ra4 Ke5 62. Ra5+ Kd4 63. Ra4+ Kc3 64. Ra8 Kb2 65. Rb8+ Kc3 66. Rc8+ Kb4 67. Rb8+ Kc5 68. Rc8+ Kb6 69. Ra8 Kc5 70. Rc8+ Kb4 71. Rb8+ Kc5 72. Rc8+ 1/2-1/2

[Event "Roncana op-A 14th"]
[Site "Santa Eulalia de Roncana"]
[Date "2022.11.26"]
[Round "6"]
[White "Morais Carreras, Javier"]
[Black "Brugarolas Manzaneque, Carlos"]
[Result "1-0"]
[WhiteElo "1846"]
[BlackElo "1856"]
[PlyCount "55"]
[EventDate "2022.10.08"]
[EventType "swiss"]
[EventRounds "8"]
[EventCountry "ESP"]
[SourceTitle "EXT 2024"]
[Source "ChessBase"]
[SourceDate "2023.10.10"]
[SourceVersion "1"]
[SourceVersionDate "2023.10.10"]
[SourceQuality "1"]

1. d4 e6 2. Nf3 Nf6 3. Bf4 d5 4. e3 c5 5. c3 Nc6 6. Nbd2 Bd6 7. Bg3 cxd4 8. exd4 Qc7 9. Bxd6 Qxd6 10. Bb5 Bd7 11. 0-0 0-0 12. Re1 Ne7 13. Bd3 Ng6 14. Ne5 a6 15. Qf3 Bb5 16. Bc2 Nd7 17. Nxg6 hxg6 18. Qg4 Nf6 19. Qh4 Rfe8 20. Nf3 Rad8 21. Ne5 Qe7 22. Bxg6 fxg6 23. Nxg6 Qc7 24. Re3 Bd7 25. Rg3 Kf7 26. Ne5+ Kg8 27. Qxf6 Bc8 28. Qg6 1-0

[Event "Barcelona Sant Marti op-B 22nd"]
[Site "Barcelona"]
[Date "2022.07.18"]
[Round "6"]
[White "Morais Carreras, Javier"]
[Black "Torres Teruel, Joan"]
[Result "1/2-1/2"]
[WhiteElo "1917"]
[BlackElo "1752"]
[PlyCount "68"]
[EventDate "2022.07.13"]
[EventType "swiss"]
[EventRounds "9"]
[EventCountry "ESP"]
[SourceTitle "CBM 210 Extra"]
[Source "ChessBase"]
[SourceDate "2022.11.30"]
[SourceVersion "1"]
[SourceVersionDate "2022.11.30"]
[SourceQuality "1"]

1. e4 c5 2. Nf3 e6 3. d3 Nc6 4. g3 g6 5. Bg2 Bg7 6. 0-0 Nge7 7. c3 0-0 8. Be3 b6 9. Qd2 Re8 10. Bh6 Bh8 11. Re1 d5 12. e5 d4 13. cxd4 cxd4 14. Qf4 Qd7 15. Na3 Ba6 16. Nc4 Bxc4 17. dxc4 Nf5 18. Bg5 Rac8 19. g4 Nb4 20. Qd2 Rxc4 21. gxf5 Nc2 22. Rec1 Rec8 23. Bf1 d3 24. Qxd3 Rg4+ 25. Kh1 Qc6 26. Bg2 Bxe5 27. h3 Rxg2 28. Kxg2 Bxb2 29. Rab1 Bxc1 30. Rxc1 exf5 31. Bh6 f6 32. Bf4 g5 33. Rg1 gxf4 34. Kh2+ Kf7 1/2-1/2

[Event "Barcelona Sant Marti op-B 22nd"]
[Site "Barcelona"]
[Date "2022.07.17"]
[Round "5"]
[White "Torrent San Nicolas, Biel"]
[Black "Morais Carreras, Javier"]
[Result "1/2-1/2"]
[WhiteElo "1753"]
[BlackElo "1917"]
[PlyCount "66"]
[EventDate "2022.07.13"]
[EventType "swiss"]
[EventRounds "9"]
[EventCountry "ESP"]
[SourceTitle "CBM 210 Extra"]
[Source "ChessBase"]
[SourceDate "2022.11.30"]
[SourceVersion "1"]
[SourceVersionDate "2022.11.30"]
[SourceQuality "1"]

1. e4 e5 2. Nf3 Nf6 3. Nxe5 d6 4. Nf3 Nxe4 5. Nc3 Nxc3 6. dxc3 Be7 7. Be3 0-0 8. Qd2 Nd7 9. 0-0-0 Ne5 10. h4 Be6 11. Kb1 Nc4 12. Bxc4 Bxc4 13. g4 Qd7 14. Ne5 Bxa2+ 15. Kxa2 Qa4+ 16. Kb1 dxe5 17. Qe2 Rad8 18. h5 Rxd1+ 19. Rxd1 Rd8 20. h6 Rd6 21. Rxd6 cxd6 22. hxg7 a6 23. Bh6 Qd7 24. Qe4 Qc6 25. Qe3 Qh1+ 26. Ka2 Qd5+ 27. b3 Bf6 28. Kb2 Qc5 29. Qf3 Bxg7 30. Bxg7 Kxg7 31. Qf5 Qc7 32. Qg5+ Kf8 33. Qh6+ Kg8 1/2-1/2

[Event "Roncana op-A 13th"]
[Site "Santa Eulalia de Roncana"]
[Date "2019.10.05"]
[Round "2"]
[White "Lambert Pont, Michael"]
[Black "Morais Carreras, Javier"]
[Result "0-1"]
[WhiteElo "1575"]
[BlackElo "1939"]
[PlyCount "76"]
[EventDate "2019.09.28"]
[EventType "swiss"]
[EventRounds "8"]
[EventCountry "ESP"]
[SourceTitle "CBM 193 Extra"]
[Source "ChessBase"]
[SourceDate "2020.01.31"]
[SourceVersion "1"]
[SourceVersionDate "2020.01.31"]
[SourceQuality "1"]

1. d4 d5 2. Bf4 Nf6 3. Nf3 e6 4. e3 c5 5. c3 Nc6 6. Nbd2 Bd6 7. Bg3 0-0 8. Bd3 Re8 9. Ne5 Bxe5 10. dxe5 Nd7 11. f4 c4 12. Bc2 Qb6 13. Bf2 Qxb2 14. e4 Qxc3 15. exd5 exd5 16. 0-0 Nf8 17. Rc1 Qa5 18. Nf3 Bg4 19. a4 Rad8 20. h3 Bxf3 21. Qxf3 d4 22. Be1 Qa6 23. Bh4 Rc8 24. Bf5 Rb8 25. Qg4 d3 26. Bf6 Ng6 27. Bd7 gxf6 28. Bxe8 Rxe8 29. exf6 Qb6+ 30. Kh1 Qd4 31. Qg5 d2 32. Rcd1 c3 33. f5 Qe5 34. h4 Qe3 35. fxg6 Qxg5 36. gxf7+ Kxf7 37. hxg5 Re2 38. Rb1 b6 0-1

[Event "Barcelona Sants op 21st"]
[Site "Barcelona"]
[Date "2019.09.01"]
[Round "10"]
[White "Manukonda, Arun"]
[Black "Morais Carreras, Javier"]
[Result "0-1"]
[WhiteElo "1899"]
[BlackElo "1939"]
[PlyCount "76"]
[EventDate "2019.08.23"]
[EventType "swiss"]
[EventRounds "10"]
[EventCountry "ESP"]
[SourceTitle "EXT 2020"]
[Source "ChessBase"]
[SourceDate "2019.10.17"]
[SourceVersion "1"]
[SourceVersionDate "2019.10.17"]
[SourceQuality "1"]

1. d4 d5 2. c4 e6 3. Nc3 Nf6 4. Bg5 Be7 5. Nf3 0-0 6. e3 c6 7. Bd3 Nbd7 8. 0-0 dxc4 9. Bxc4 Nd5 10. Bxe7 Qxe7 11. e4 Nxc3 12. bxc3 e5 13. Re1 exd4 14. cxd4 Nb6 15. Bb3 Bg4 16. Qd3 Rad8 17. Re3 Bh5 18. Rae1 Kh8 19. Qc3 Qd7 20. Rd1 Rfe8 21. Ne5 Rxe5 22. Rdd3 Re7 23. f4 f5 24. d5 cxd5 25. exd5 Re4 26. Rh3 Bg4 27. Rhg3 Rc8 28. Qa1 Rce8 29. Rxg4 Re1+ 30. Qxe1 Rxe1+ 31. Kf2 Qe7 32. Bd1 fxg4 33. d6 Qe4 34. Bc2 Re2+ 35. Kg3 Rxg2+ 36. Kh4 Rxh2+ 37. Kxg4 Rg2+ 38. Kh3 Rxc2 0-1

[Event "Sabadell Coral Colon op 13th"]
[Site "Sabadell"]
[Date "2019.04.12"]
[Round "8"]
[White "Morais Carreras, Javier"]
[Black "Palacios Pena, Gerardo"]
[Result "1-0"]
[WhiteElo "1864"]
[BlackElo "1776"]
[PlyCount "109"]
[EventDate "2019.02.22"]
[EventType "swiss"]
[EventRounds "8"]
[EventCountry "ESP"]
[SourceTitle "EXT 2021"]
[Source "ChessBase"]
[SourceDate "2020.10.23"]
[SourceVersion "1"]
[SourceVersionDate "2020.10.23"]
[SourceQuality "1"]

1. d4 Nf6 2. Nf3 g6 3. Bf4 d6 4. e3 Bg7 5. h3 0-0 6. Nbd2 Nc6 7. c3 Re8 8. Qc2 e5 9. dxe5 dxe5 10. Bg5 Bf5 11. e4 Be6 12. Bc4 Bxc4 13. Nxc4 Qe7 14. Ne3 Qe6 15. Bxf6 Bxf6 16. Nd5 Rac8 17. Qb3 Na5 18. Qa4 Nc6 19. g4 a6 20. g5 Bg7 21. Qc2 Ne7 22. Nxe7+ Qxe7 23. h4 Rcd8 24. Ke2 Qc5 25. b3 Rd7 26. Rad1 Red8 27. Rxd7 Rxd7 28. Rd1 Qe7 29. Rd3 Qd8 30. Qd2 Rxd3 31. Qxd3 Qxd3+ 32. Kxd3 b5 33. c4 c6 34. cxb5 cxb5 35. Kc3 a5 36. a4 bxa4 37. bxa4 Bf8 38. Nxe5 Bb4+ 39. Kc4 Kg7 40. Kb5 f6 41. Nc6 fxg5 42. hxg5 Bd2 43. Nxa5 Bxg5 44. Nb3 h5 45. a5 h4 46. Nd4 h3 47. Nf3 Bh4 48. a6 Bxf2 49. Kc6 g5 50. Nh2 Kg6 51. Kd7 Kh5 52. e5 g4 53. e6 g3 54. e7 gxh2 55. e8Q+ 1-0

[Event "Llinars del Valles op-A 13th"]
[Site "Llinars del Valles"]
[Date "2019.04.06"]
[Round "2"]
[White "Morais Carreras, Javier"]
[Black "Lorenzo Martinez, Ruben"]
[Result "1-0"]
[WhiteElo "1864"]
[BlackElo "1750"]
[PlyCount "67"]
[EventDate "2019.03.30"]
[EventType "swiss"]
[EventRounds "8"]
[EventCountry "ESP"]
[SourceTitle "EXT 2020"]
[Source "ChessBase"]
[SourceDate "2019.10.17"]
[SourceVersion "1"]
[SourceVersionDate "2019.10.17"]
[SourceQuality "1"]

1. e4 c5 2. Nf3 e6 3. d3 Nc6 4. g3 d5 5. Nbd2 Nf6 6. Bg2 Be7 7. 0-0 0-0 8. e5 Nd7 9. Re1 Qc7 10. Qe2 b5 11. Nf1 Bb7 12. Bf4 a5 13. h4 d4 14. N1h2 Nb4 15. Ng5 Bxg2 16. Kxg2 Nd5 17. Qe4 Bxg5 18. hxg5 Ne7 19. Qe2 Qc6+ 20. f3 Nf5 21. Ng4 c4 22. Rh1 cxd3 23. cxd3 Rac8 24. Rac1 Qd5 25. b3 Rc5 26. Rxc5 Qxc5 27. Rc1 Qd5 28. Rc7 Nc5 29. Qc2 Na6 30. Rc8 Nb4 31. Rxf8+ Kxf8 32. Qc8+ Ke7 33. Nf6 Qd8 34. Qc5+ 1-0

[Event "Sabadell Coral Colon op 13th"]
[Site "Sabadell"]
[Date "2019.03.22"]
[Round "5"]
[White "Salinas Tomas, Daniel"]
[Black "Morais Carreras, Javier"]
[Result "1/2-1/2"]
[WhiteElo "1674"]
[BlackElo "1864"]
[PlyCount "76"]
[EventDate "2019.02.22"]
[EventType "swiss"]
[EventRounds "8"]
[EventCountry "ESP"]
[SourceTitle "CBM 190 Extra"]
[Source "ChessBase"]
[SourceDate "2019.07.15"]
[SourceVersion "1"]
[SourceVersionDate "2019.07.15"]
[SourceQuality "1"]

1. e4 e5 2. Nf3 Nf6 3. Nxe5 d6 4. Nf3 Nxe4 5. Nc3 Nxc3 6. dxc3 Be7 7. Be3 Nc6 8. Bd3 Ne5 9. Nxe5 dxe5 10. Qh5 Bd6 11. 0-0-0 Qd7 12. h3 Qa4 13. Kb1 Be6 14. b3 Qa5 15. c4 g6 16. Qf3 0-0-0 17. Be4 c6 18. g4 Kb8 19. Bg5 Rd7 20. Bf6 Rc8 21. Rd3 Bb4 22. Rhd1 Rxd3 23. Rxd3 Ba3 24. c3 Ka8 25. Qg3 Qb6 26. Kc2 Bc5 27. Rd2 Qa5 28. Kd1 Qb6 29. Bxe5 Re8 30. Bf3 Bxc4 31. bxc4 Qb1+ 32. Ke2 f6 33. Qf4 fxe5 34. Qf7 Rb8 35. Qe6 Qg1 36. Bxc6 Qxf2+ 37. Kd1 Qg1+ 38. Kc2 Bb6 1/2-1/2

[Event "Sabadell Coral Colon op 13th"]
[Site "Sabadell"]
[Date "2019.03.01"]
[Round "2"]
[White "Morais Carreras, Javier"]
[Black "Maqueda Berdugo, Francisco"]
[Result "1-0"]
[WhiteElo "1864"]
[BlackElo "1700"]
[PlyCount "71"]
[EventDate "2019.02.22"]
[EventType "swiss"]
[EventRounds "8"]
[EventCountry "ESP"]
[SourceTitle "CBM 190 Extra"]
[Source "ChessBase"]
[SourceDate "2019.07.15"]
[SourceVersion "1"]
[SourceVersionDate "2019.07.15"]
[SourceQuality "1"]

1. e4 c5 2. Nf3 e6 3. d3 Nc6 4. g3 g6 5. Bg2 Bg7 6. 0-0 Nge7 7. c3 0-0 8. d4 d6 9. Na3 a6 10. Re1 e5 11. d5 Na7 12. Be3 b5 13. Qd2 f5 14. Bh6 Bxh6 15. Qxh6 Rf7 16. Ng5 Rg7 17. Rad1 fxe4 18. Nxe4 Nf5 19. Qd2 Rb8 20. Nc2 Rf7 21. Ne3 Nxe3 22. Qxe3 Qf8 23. Ng5 Rf6 24. b4 c4 25. Qxa7 Rb7 26. Qe3 h6 27. Ne4 Rf5 28. Rf1 g5 29. Qe2 Rbf7 30. a4 h5 31. axb5 axb5 32. Qxh5 Rh7 33. Qg6+ Rg7 34. Qxd6 Re7 35. Bh3 Rf4 36. Bxc8 1-0

[Event "Barcelona Canovelles U2200 op"]
[Site "Barcelona"]
[Date "2018.12.29"]
[Round "6.5"]
[White "Morais Carreras, Javier"]
[Black "Nadal Fajardo, Ricard"]
[Result "0-1"]
[WhiteElo "1923"]
[BlackElo "1951"]
[PlyCount "102"]
[EventDate "2018.12.27"]
[EventType "swiss"]
[EventRounds "8"]
[EventCountry "ESP"]
[SourceTitle "EXT 2024"]
[Source "ChessBase"]
[SourceDate "2023.10.10"]
[SourceVersion "1"]
[SourceVersionDate "2023.10.10"]
[SourceQuality "1"]

1. e4 c6 2. Nc3 d5 3. Nf3 Bg4 4. h3 Bxf3 5. Qxf3 dxe4 6. Nxe4 e6 7. g3 Nd7 8. Bg2 Ngf6 9. Nxf6+ Nxf6 10. Qb3 Qb6 11. Qxb6 axb6 12. d3 Bd6 13. Be3 Bc7 14. 0-0 0-0 15. a3 Nd5 16. Bxd5 exd5 17. Rae1 Rfe8 18. Bd2 f6 19. Kg2 Kf7 20. f4 Bd6 21. Kf3 b5 22. f5 Re5 23. g4 Rae8 24. Rxe5 fxe5 25. Re1 Kf6 26. h4 h6 27. Re2 c5 28. Re1 c4 29. Kg2 cxd3 30. cxd3 Rc8 31. Rc1 Rc6 32. Kf3 Rxc1 33. Bxc1 b4 34. a4 b3 35. Bd2 Bc5 36. Bc3 Ba7 37. Bd2 Bd4 38. Bc1 h5 39. Bg5+ Kf7 40. Bc1 hxg4+ 41. Kxg4 e4 42. dxe4 dxe4 43. Kf4 e3 44. Kf3 Kf6 45. Ke2 Kxf5 46. Kd3 e2 47. Kxe2 Ke4 48. a5 g6 49. Kd2 Bf6 50. Ke2 Bxh4 51. Bd2 Bf6 0-1

[Event "Roncana op-A 12th"]
[Site "Santa Eulalia de Roncana"]
[Date "2018.11.17"]
[Round "7"]
[White "Costa Trave, Jaume"]
[Black "Morais Carreras, Javier"]
[Result "1-0"]
[WhiteElo "1768"]
[BlackElo "1965"]
[PlyCount "105"]
[EventDate "2018.09.29"]
[EventType "swiss"]
[EventRounds "8"]
[EventCountry "ESP"]
[SourceTitle "CBM 187 Extra"]
[Source "ChessBase"]
[SourceDate "2018.11.04"]
[SourceVersion "1"]
[SourceVersionDate "2018.11.04"]
[SourceQuality "1"]

1. d4 d5 2. Bf4 Nf6 3. e3 e6 4. Bd3 c5 5. c3 Nc6 6. Nd2 Bd6 7. Ne2 0-0 8. Bg5 h6 9. Bh4 e5 10. Rc1 e4 11. Bb1 c4 12. b3 b5 13. 0-0 Bxh2+ 14. Kh1 Bc7 15. f3 g5 16. Bf2 exf3 17. gxf3 Qd7 18. Ng1 Qd6 19. f4 gxf4 20. e4 Ng4 21. e5 Qe7 22. Ndf3 Ne3 23. Bxe3 fxe3 24. Qe2 f5 25. Qxe3 f4 26. Qd2 Qg7 27. Rf2 h5 28. Rg2 Bg4 29. Rf1 Qh6 30. Nh2 Rf7 31. Ngf3 Kf8 32. Rfg1 Ke7 33. Nh4 Qg5 34. N2f3 Qh6 35. Rxg4 hxg4 36. Rxg4 Nd8 37. Kg1 Ne6 38. Qg2 Raf8 39. Ng6+ Kd7 40. Nxf8+ Qxf8 41. Qh3 Rg7 42. Kf2 Kd8 43. Qh4+ Kc8 44. Qh6 Qf7 45. Ng5 Rxg5 46. Rxg5 Nxg5 47. Qxg5 cxb3 48. axb3 b4 49. e6 Qe8 50. e7 Qh8 51. Qf5+ Kb7 52. Qxd5+ Kc8 53. Bf5+ 1-0

[Event "Roncana op-A 12th"]
[Site "Santa Eulalia de Roncana"]
[Date "2018.11.03"]
[Round "5"]
[White "Salvans Serra, Arnau"]
[Black "Morais Carreras, Javier"]
[Result "0-1"]
[WhiteElo "1708"]
[BlackElo "1965"]
[PlyCount "107"]
[EventDate "2018.09.29"]
[EventType "swiss"]
[EventRounds "8"]
[EventCountry "ESP"]
[SourceTitle "CBM 187 Extra"]
[Source "ChessBase"]
[SourceDate "2018.11.04"]
[SourceVersion "1"]
[SourceVersionDate "2018.11.04"]
[SourceQuality "1"]

1. d4 d5 2. Bf4 Nf6 3. e3 e6 4. Nf3 c5 5. c3 Nc6 6. Nbd2 Bd6 7. Bg3 0-0 8. Bd3 b6 9. Ne5 Bb7 10. 0-0 Ne7 11. Qb1 Ng6 12. h3 Qc7 13. f4 a5 14. Bh2 Ba6 15. g4 Bxd3 16. Qxd3 c4 17. Qe2 b5 18. g5 Nd7 19. e4 Nb6 20. Nxg6 fxg6 21. e5 Be7 22. Qg4 Qd7 23. h4 b4 24. Qh3 Rf5 25. b3 bxc3 26. Qxc3 Bb4 27. Qc2 Rc8 28. Nb1 a4 29. bxa4 Nxa4 30. a3 Ba5 31. Ra2 c3 32. Qb3 Rc4 33. Rd1 Bb6 34. Rc2 Bxd4+ 35. Rxd4 Rxd4 36. Nxc3 Nxc3 37. Rxc3 Qa7 38. Kh1 Re4 39. Bg1 Re1 40. Rc8+ Kf7 41. Rf8+ Kxf8 42. Qb4+ Kg8 43. Qxe1 Qxa3 44. Qf1 Qb4 45. Bh2 Qe4+ 46. Kg1 Qe3+ 47. Kh1 Qxe5 48. Qa6 Qe4+ 49. Kg1 d4 50. Qc8+ Rf8 51. Qd7 Qd5 52. Qc7 d3 53. f5 d2 54. Be5 0-1

[Event "Barcelona Sant Marti op-B 20th"]
[Site "Barcelona"]
[Date "2018.07.21"]
[Round "9"]
[White "Costa Trave, Jaume"]
[Black "Morais Carreras, Javier"]
[Result "0-1"]
[WhiteElo "1862"]
[BlackElo "1913"]
[PlyCount "106"]
[EventDate "2018.07.13"]
[EventType "swiss"]
[EventRounds "9"]
[EventCountry "ESP"]
[SourceTitle "EXT 2019"]
[Source "ChessBase"]
[SourceDate "2018.10.10"]
[SourceVersion "1"]
[SourceVersionDate "2018.10.10"]
[SourceQuality "1"]

1. d4 d5 2. Nc3 Nf6 3. Bf4 Bf5 4. e3 e6 5. Bd3 Bg6 6. Nge2 Bd6 7. Qd2 a6 8. Bxd6 cxd6 9. Nf4 Nc6 10. a3 Na5 11. 0-0 Nc4 12. Bxc4 dxc4 13. Nxg6 hxg6 14. e4 Qc7 15. d5 0-0-0 16. h3 e5 17. Qe3 Kb8 18. b3 Rh4 19. bxc4 Qxc4 20. f3 Rc8 21. Ne2 Qc5 22. Qxc5 Rxc5 23. c3 Ka7 24. Rab1 Nd7 25. Rb3 Ra5 26. c4 Nc5 27. Re3 f5 28. Kh2 Ra4 29. g3 Rh8 30. Rc1 Rc8 31. g4 fxe4 32. fxe4 Rf8 33. Kg3 g5 34. h4 Rf4 35. hxg5 Rxe4 36. Rxe4 Nxe4+ 37. Kh4 Rxa3 38. Kh5 Re3 39. Rc2 Rxe2 40. Rc1 a5 41. Kg6 Rg2 42. Kf5 Nc5 43. Kg6 Rxg4 44. Kxg7 Rxg5+ 45. Kf6 Rh5 46. Ke7 Rh6 47. Rb1 e4 48. Rb2 b6 49. Re2 Kb7 50. Rb2 Kc7 51. Re2 Rh5 52. Kf6 Re5 53. Re3 a4 0-1

[Event "Montcada op-B 26th"]
[Site "Montcada"]
[Date "2018.06.30"]
[Round "7"]
[White "Morais Carreras, Javier"]
[Black "Boubakha, Mohamed"]
[Result "1-0"]
[WhiteElo "1913"]
[BlackElo "1900"]
[PlyCount "149"]
[EventDate "2018.06.25"]
[EventType "swiss"]
[EventRounds "9"]
[EventCountry "ESP"]
[SourceTitle "EXT 2019"]
[Source "ChessBase"]
[SourceDate "2018.10.10"]
[SourceVersion "1"]
[SourceVersionDate "2018.10.10"]
[SourceQuality "1"]

1. e4 e5 2. Nf3 Nc6 3. Bc4 Nd4 4. 0-0 Nxf3+ 5. Qxf3 Qf6 6. Qe2 Bc5 7. d3 Ne7 8. Be3 Qb6 9. Nc3 Bxe3 10. fxe3 0-0 11. Kh1 Qxb2 12. Nb5 Qb4 13. Nxc7 Rb8 14. Qf2 Qb6 15. Bxf7+ Kh8 16. Qh4 Qxc7 17. Qxe7 Qd8 18. Qd6 Ra8 19. Bd5 Rf6 20. Qxe5 d6 21. Qd4 Rf8 22. Rxf8+ Qxf8 23. Kg1 Qe7 24. Rf1 Be6 25. Bxe6 Qxe6 26. Qd5 Qxd5 27. exd5 Kg8 28. Rf4 Rc8 29. Rc4 Re8 30. Rc7 Rxe3 31. Kf2 Re5 32. Rxb7 Rxd5 33. Rxa7 Rb5 34. c4 Rb2+ 35. Kf3 Rd2 36. Ra3 Kf7 37. h4 h6 38. g3 Ke6 39. Ke4 Re2+ 40. Kf4 Rd2 41. Kf3 Ke5 42. Ra5+ Ke6 43. Ke4 Re2+ 44. Kf4 Rd2 45. Ra7 g6 46. Ra6 Rxd3 47. c5 Rc3 48. cxd6 Kd7 49. Ke4 Rc4+ 50. Ke5 Rg4 51. Ra7+ Ke8 52. Ke6 Re4+ 53. Kf6 Rg4 54. Rg7 Rxg3 55. Rxg6 Rd3 56. Ke6 Re3+ 57. Kd5 h5 58. Rg8+ Kd7 59. Rg7+ Kd8 60. Rg5 Ra3 61. Ke6 Re3+ 62. Re5 Ra3 63. Rxh5 Re3+ 64. Re5 Ra3 65. h5 Rxa2 66. Kf6 Kd7 67. Rd5 Rf2+ 68. Kg6 Rg2+ 69. Rg5 Re2 70. h6 Kxd6 71. h7 Re6+ 72. Kh5 Re1 73. Rg8 Rh1+ 74. Kg6 Rg1+ 75. Kf5 1-0